000 00713cam a2200229 4500500
005 20260405004047.0
041 _afre
042 _adc
100 1 0 _aLarmagnac-Matheron, Octave
_eauthor
245 0 0 _aMichael Marder : régénérer la pensée par les plantes
260 _c2020.
500 _a37
690 _aAnimal
690 _aHomme
690 _aMétaphysique
690 _aMichael Marder
690 _aPlante
690 _aVégétal
690 _aVivant
786 0 _nPhilosophie magazine - Hors séries | Hors-série Été 2020 | HS46 | 2020-07-01 | p. 6-15 | 2104-9246
856 4 1 _uhttps://shs.cairn.info/magazine-philosophie-magazine-2020-hs46-page-6?lang=fr&redirect-ssocas=7080
999 _c2073323
_d2073323